000 00790nam a22002297a 4500
005 20150915105144.0
010 _aENG-113903
020 _a9788121512633
_c795.00
035 _aEN-97435
037 _bDBAD/PUB
082 _a230.34
100 _aJain, Amit
245 _aGuide to godhood :
_cby Amit Jain
_bthe roadmap to moksha (based on Shramansutram) /
260 _aNew Delhi
_bMunshiram Manoharlal Publishers
_c2014
270 _aPO Box 5715, 54 Rani Jhansi Road,
_bNew Delhi
_e110055
300 _a xxi, 196 pages, [9] pages of plates :
_c23cm(Hb)
_bill.
500 _aIncludes bibliographical references and index.
650 _aSalvation
_xJainism.
650 _a Jainism
_xDoctrines.
650 _a Jainism
_vSacred books.
942 _2ddc
_cEN
_mJAI
_h230.34
999 _c96465
_d96465